书目信息 |
| 书名: | Environmental geology | |
| 作者: | Carla W. Montgomery. | |
| 分册号: | ||
| 分册名: | 出版地: | Boston : |
|
| 出版社: | McGraw-Hill | |
| 出版时间: | 2003. | |
| 页数: | xx, 554 p. : | |
| 开本: | 28 cm. | |
| 丛书名: | ||
| 中图分类号: | ||
| 科图分类号: | ||
| 其他分类号: | X141 | |
| 主题词: | ||
| 电子资源: | ||
| 000 | 00809cam 2200277 a 4500 | |
| 001 | E0750807368 | |
| 005 | 20070316141047.78 | |
| 008 | 010606s2003 mauab b 001 0 eng | |
| 010 | @a2001041036 | |
| 020 | @a0071199411 (ISE). | |
| 020 | @a0073661953. | |
| 040 | @aDLC@cDLC | |
| 050 | 00 | @aQE38@b.M66 2003 |
| 082 | 00 | @a550 @2 21 |
| 090 | @aX141 | |
| 092 | @aCN@bZS05.10-24 | |
| 093 | @aX141 @2 4 | |
| 099 | @dX141@ex3 | |
| 100 | 1 | @aMontgomery, Carla W.,@d1951- |
| 245 | 10 | @aEnvironmental geology / @cCarla W. Montgomery. |
| 250 | @a6th ed. | |
| 260 | @aBoston :@bMcGraw-Hill,@c2003. | |
| 300 | @axx, 554 p. :@bill. (mostly col.), maps (col.) ;@c28 cm. | |
| 504 | @aIncludes bibliographical references and index. | |
| 650 | 0 | @aEnvironmental geology. |
| 920 | @a232010@z2 | |
| Environmental geology / / Carla W. Montgomery.-6th ed.-Boston : : McGraw-Hill, , 2003. |
| xx, 554 p. : : ill. (mostly col.), maps (col.) ; ; 28 cm. |
| Includes bibliographical references and index. |
| ISBN 0071199411 (ISE). |
| ● |
| 相关链接 |
|
|
|
|
正题名:Environmental geology
索取号:X141/x3
 
预约/预借
| 序号 | 登录号 | 条形码 | 馆藏地/架位号 | 状态 | 备注 |
| 1 | 0002334 | 300023347 | 第二样本阅览室/ [索取号:X141/x3] | 在馆 | |
| 2 | 0002335 | 300023356 | 第四借阅区/ [索取号:X141/x3] | 在馆 |